00598nam a22001577a 4500003000900000008004100009040007100050082001500121100001800136245003900154260004100193300002800234505014300262650001700405650001800422AR-CdUCM190504b           ||||| |||| 00| 0 spa d  aMUNICIPALIDAD PROVINCIAL DEL CUSCOcBIBLIOTECA MUNICIPAL DEL CUSCO  a194 /bD64  aDescartes, R.  aLos principios de la filosofía /  aBuenos Aires :bLosada, S.A.,c1951.  a247 páginas ;c20 cm.  aContenido :De los principios del conocimiento humano -- De los principios de las cosas materiales -- Del mundo visible -- De la tierra ...  aFilosofía.  aPsicología.